| 000 | 00444cam a2200169ua 4500 | ||
|---|---|---|---|
| 020 | _c1.25 | ||
| 041 |
_amal _h |
||
| 082 |
_a894.812301 _bSRE/SA |
||
| 100 | _aSreedharan Pilli, P . | ||
| 245 |
_aSahithya samparkam / _cP.Sreedharan Pillai. _hTextual Documents |
||
| 260 |
_aKottayam : _bSahitya Pravarthaka Co-operative Society , _c1959. |
||
| 300 | _a79 ; . | ||
| 365 | _a1.25 | ||
| 504 | _a | ||
| 942 | _cBK | ||
| 999 |
_c12022 _d12022 |
||